000 00748cab a2200241 4500
001 ABS59483
008 090401t1998 xxu||||| |||| 00| 0 eng d
035 _a(Sirsi) u89436
041 _aeng
100 _aKirkwood, J.
245 _aMarketing image
260 _c1998
350 _a0
490 _aEstates Gazette
_v(9843) 24 October 1998, 126-127(2)
520 _aLooks at how the use of digital cameras is enabling agents to market properties quickly, straight on to the Internet. Review of the AGFA ePHOTO 1280 model.
650 _aDIGITAL CAMERAS
650 _aESTATE AGENTS
650 _aINTERNET
650 _aMARKETING
690 _aMANAGEMENT-BUSINESS MANAGEMENT-INFORMATION MANAGEMENT
942 _n0
948 _c03/11/1998
999 _c56578
_d56578